Statistics for Countries That French is the ONLY official language

Click here to take the quiz!

General Stats

  • This quiz has been taken 36 times
  • The average score is 10 of 13

Answer Stats

Countries% Correct
France
100%
Benin
83%
Mali
80%
Senegal
80%
Togo
80%
Niger
74%
Democratic Republic of Congo
69%
Gabon
69%
Guinea
69%
Monaco
69%
Republic of Congo
69%
Burkina Faso
66%
Ivory Coast
60%

Score Distribution

Percentile by Number Answered

Percent of People with Each Score

Your Score History

You have not taken this quiz